Fall Out Boy Song or David Sedaris Essay? Quiz Stats

 Plays Quiz not verified by Sporcle

Score 0/20 Timer 03:00
2 Plays Today
Title Fall Out Boy (F) or David Sedaris (D)? % Correct
Giant Dreams, Midget Abilities???
94.8%
What a Catch, Donnie???
93.9%
Champagne for My Real Friends, Real Pain for My Sham Friends???
92.5%
A Guy Walks Into a Bar Car???
91.7%
Miss Missing You???
91.2%
The Carpal Tunnel of Love???
91%
Front Row Center with Thaddeus Bristol???
90.3%
Buddy, Can You Spare a Tie????
90.2%
Of All the Gin Joints in All the World???
89.6%
Where the Door Is Always Open and the Welcome Mat Is Out???
87.6%
Title Fall Out Boy (F) or David Sedaris (D)? % Correct
Adult Figures Charging Toward a Concrete Toadstool???
86.8%
A Shiner Like a Diamond???
86.6%
Nuit of the Living Dead???
86%
Don't You Know Who I Think I Am????
86%
Disloyal Order of Water Buffaloes???
85.8%
The Pros and Cons of Breathing???
83.2%
Music for Lovers???
82.5%
Homesick at Space Camp???
80.8%
I Know What I'm Doing About All the Attention I've Been Getting???
78.7%
Reinventing the Wheel to Run Myself Over???
73.3%

You're not logged in!

Compare scores with friends on all Sporcle quizzes.
OR
Log In

Show Comments

Extras

Top Quizzes Today


Score Distribution

Your Account Isn't Verified!

In order to create a playlist on Sporcle, you need to verify the email address you used during registration. Go to your Sporcle Settings to finish the process.

Report this User

Report this user for behavior that violates our Community Guidelines.

Details: